000 02398nam a2200325 a 4500
001 ASIN3836543931
003 OSt
005 20180116192424.0
008 140828s2013 xxu eng d
020 _a3836543931 (hardcover)
020 _a9783836543934 (hardcover)
040 _csada
050 0 4 _aN6853.D8
082 0 4 _a709.2
100 1 _aMink, Janis.
_97752
245 1 0 _aDuchamp /
_cJanis Mink.
260 _a[S.l.] :
_bTaschen,
_c2013.
300 _a96 p. ;
_c31 cm.
490 1 _aBasic art.
520 _aReadymade man: The anticonformist visionary   Marcel Duchamp (1887–1968), revolutionary artist, inventor of readymades, obsessive chess player, and master of the silent statement, succeeded at the beginning of the 20th century to query art in its traditional form. His creations, not least his readymades such as the famous Fountain (a "reclaimed" urinal) or the Bottle Rack , are subversive and radical upshots of a critical confrontation with the production and marketing of art in the industrial age. While the young Duchamp still admired Monet, Fauvism, and Cubism, and for a while was quite closely aligned with the Dadaists and Surrealists, before long his work broke new ground and helped redefine art as we know it today. The fact that Duchamp wanted to ensure that the self-irony and doubt, particularly in his own works, were constructively understood is best shown in one of his few statements on the subject: “I force myself to contradict myself in order to avoid conforming to my own taste.” Duchamp has long been an enigma to art historians while a great source of inspiration to other artists. This study addresses the myth and the reality, revealing a compelling portrait of Marcel Duchamp, the man and the artist.   About the Series: Each book in TASCHEN’s Basic Art series features: a detailed chronological summary of the life and oeuvre of the artist, covering his or her cultural and historical importance a concise biography approximately 100 illustrations with explanatory captions.
650 0 _aArt, French
_97753
650 0 _aArt, Modern
_97754
650 0 _aArtists
_97755
650 0 _aDuchamp, Marcel, 1887-1968
_97756
650 0 _aFrance
_97757
650 0 _aSurrealism
_97758
830 0 _aBasic art.
_97759
856 4 0 _3Amazon.com
_uhttp://www.amazon.com/exec/obidos/ASIN/3836543931/chopaconline-20
942 _2ddc
_cBK
999 _c354004
_d354004